000
00202nam a2200109Ia 4500
100
_a
LACEY/ROBERT.
942
_c
BK
245
_a
MAJESTY-ELIZABETH
260
_b
#N/A
546
_a
ENGLISH
999
_c
32879
_d
32879